Uplatnění problémového vyučování a další možnosti zdokonalení výuky účetnictví v sekundárním vzdělávání
Príspevok prináša niektoré námety k zdokonaleniu vyučovacieho procesu predmetu účtovníctvo na obchodných akadémiách.
Gespeichert in:
| 1. Verfasser: | |
|---|---|
| Format: | Buchkapitel |
| Sprache: | Tschechisch |
| Schlagworte: | |
| Tags: |
Keine Tags, Fügen Sie das erste Tag hinzu!
|
MARC
| LEADER | 00000nla a2200000 4500 | ||
|---|---|---|---|
| 001 | 0200009 | ||
| 005 | 20240417075056.7 | ||
| 041 | 0 | |a cze | |
| 044 | |a CZ | ||
| 245 | 1 | 0 | |a Uplatnění problémového vyučování a další možnosti zdokonalení výuky účetnictví v sekundárním vzdělávání |c Marie Fišerová |
| 520 | |a Príspevok prináša niektoré námety k zdokonaleniu vyučovacieho procesu predmetu účtovníctvo na obchodných akadémiách. | ||
| 610 | 2 | 0 | |a školy stredné |
| 610 | 2 | 0 | |a školy stredné odborné |
| 610 | 2 | 0 | |a vyučovanie |
| 610 | 2 | 0 | |a účtovníctvo |
| 100 | 1 | |a Fišerová, Marie | |